ultimate Harry potter cast - Statistics

General Stats
  • This quiz has been taken 51 times
    31 since last reset
  • The average score is 39 of 48
Answer Stats
actor role % Correct
Helena Bonham Carter Bellatrix Lestrange
100%
Robert Pattinson Cedric Diggory
100%
Tom felton Draco malfoy
100%
warwick davis Filius Flitwick
100%
Clemence Posey Fleur delacour
100%
James Phelps Fred Weasley
100%
Oliver Phelps George Weasley
100%
Kenneth Branagh Gilderoy Lockhart
100%
Bonnie Wright Ginny Weasley
100%
Warwick davis ( goblin) Griphook
100%
Daniel Radcliffe Harry potter
100%
Emma watson hermione Granger
100%
Ralph Fiennes Lord Voldemort
100%
Jason Isaacs Lucius Malfoy
100%
Evanna Lynch Luna Lovegood
100%
Maggie Smith Minerva Mcgonagall
100%
Julie Walters Molly weasley
100%
Natalie tena Nymphadora Tonks
100%
David Thewlis remus Lupin
100%
Rupert Grint Ronald Weasley
100%
Robbie Coltrane Rubeus Hagrid
100%
Alan Rickman Severus Snape
100%
Gary Oldman Sirius Black
100%
Emma Thompson Sybill trelawney
100%
david tennant barty Crouch jr
92%
Domhnall Gleeson Bill Weasley
92%
Imelda Staunton Dolores Umbridge
92%
Harry melling Dudley Dursley
92%
Helen McCrory Narcissa Malfoy
92%
Timothy Spall Peter Pettigrew
92%
Fiona Shaw Petunia Dursley
92%
Richard griffiths Vernon Dursley
92%
Brendan Gleeson Alastor Moody
83%
Toby Jones Dobby
67%
Rhys Ifans Xenophilius Lovegood
67%
Jessie Cave Lavender Brown
58%
Zoe Wanamaker Madam Hooch
58%
Frances de la Tour Olympe Maxime
58%
Miriam Margoyles Professor Sprout
58%
Ian hart Quirrell
58%
Gemma Jones Madam Pomfrey
50%
Natasha Richardson Rita Skeeter
50%
John Hurt Garrick Olivander
42%
Shirley Henderson Moaning Myrtle
33%
Alfred Enoch Seamus Finnigan
33%
Hero Fiennes Tiffin Young Tom Riddle
33%
Andy Linden Mundungus Fletcher
17%
Anna Shaffer Romilda Vane
8%
No matching quizzes found
Score Distribution
Percent of People with Each Score
Percentile by Number Answered
Your Score History
You have not taken this quiz since the last reset